000 00472nam a2200169Ia 4500
005 20250508165725.0
008 008 250505s9999 xx 000 0 eng d
037 _aReference
040 _aFEDL
_beng
_cFEDL
041 _aeng
_2eng
084 _a030, ENC/RR
_qFEDL
245 0 _aBritannica book of the year 1995
260 _aChicago
_bEncyclopaedia Britannica, Inc.
_c1995
300 _a928p.
942 _cREF
_h030, ENC/RR
999 _c1397053
_d1397053